| 000 | 00431nam a2200169 a 4500 | ||
|---|---|---|---|
| 001 | 13456 | ||
| 005 | 20180713201833.0 | ||
| 008 | 140415s1985 000 0 spa d | ||
| 041 | _aspa | ||
| 082 |
_a808.83872 _bCOL |
||
| 100 | 1 | _aSTOUT, REX | |
| 245 | 1 | 0 | _aTOO MANY COOKS |
| 260 |
_a[s.l.] : _bBANTMAN, _c1985 |
||
| 300 | _a195 | ||
| 490 | _aTHE COLLETION OF MYSTERY CLASSICS | ||
| 650 | 1 | 4 | _aNOVELA DE MISTERIO |
| 999 |
_c13456 _d13456 |
||